00477nam a2200109Ia 4500008004100000020001800041100006900059245015000128260002700278650001300305856004900318171212s9999 xx 000 0 und d a9780833094124 aGonzales, Daniel;Gulden, Timothy R.;Strong, Aaron;Hoyle, William cGonzales, Daniel;Gulden, Timothy R.;Strong, Aaron;Hoyle, WilliamaCost–Benefit Analysis of Proposed California Oil and Gas Refinery Regulations bRAND Corporationc2016 aBusiness uhttp://jstor.org/stable/10.7249/j.ctt1btc0st